000 00449nam a22001817a 4500
005 20260331150329.0
008 260331b |||||||| |||| 00| 0 eng d
020 _a9789357059596
041 _aeng
082 _a658.15954
_bPAT B22995
100 _aPathak B
_9217504
245 _aIndian Financial Systems
250 _a6th Ed.
260 _aNoida
_bPearson India
_c2024
300 _a1023p
500 _aIndian Financial System
942 _cBK
999 _c370839
_d370839